| 000 | 00399nam a22001451a 4500 | ||
|---|---|---|---|
| 082 |
_aM3 _bPVK/K |
||
| 100 |
_aP V K Panayal _964700 |
||
| 245 |
_aKhanijam/ _cbyP V K Panayal |
||
| 260 |
_aKottayam: _bSahitya Pravartaka Co-operative Society, _c1999. |
||
| 300 | _a279p. | ||
| 650 |
_aNovel Malayalam _964701 |
||
| 650 |
_aLiterature Malayalam _964702 |
||
| 650 |
_aLiterature _964703 |
||
| 942 | _cBK | ||
| 999 |
_c24180 _d24180 |
||